Galileo and the scientific revolution
Guardat en:
| Autors principals: | , |
|---|---|
| Format: | Llibre |
| Idioma: | anglès |
| Publicat: |
Nueva York
Basic Books
1961
|
| Matèries: | |
| Etiquetes: |
Afegir etiqueta
Sense etiquetes, Sigues el primer a etiquetar aquest registre!
|
MARC
| LEADER | 00000nam a2200000 a 4500 | ||
|---|---|---|---|
| 001 | UCP0519 | ||
| 003 | CL-VaPUC | ||
| 008 | 990313e19610000US |||||||||||||||||eng|d | ||
| 082 | 0 | 4 | |a 530.1 |b FER |2 21 |
| 100 | 0 | |a Fermi, Laura |e author |9 425840 | |
| 700 | 0 | |a Bernardini, Gilberto |e author |9 425841 | |
| 245 | 1 | 0 | |a Galileo and the scientific revolution |
| 300 | |a 150 p | ||
| 942 | |c BK | ||
| 945 | |d 19990313 00:00:00 |a aarredon | ||
| 260 | |a Nueva York |b Basic Books |c 1961 | ||
| 600 | 0 | |a Galilei, Galileo |9 264973 | |
| 650 | 0 | |a Física |9 227844 | |
| 650 | 0 | |a Científicos |9 262025 | |
| 650 | 7 | |a TELESCOPIO |2 CL-VaPUC |9 390411 | |
| 583 | |a last modification |c 19990313 00:00:00 |k Rodrigo Vera | ||
| 999 | |c 279291 |d 279289 | ||
| 952 | |0 0 |1 0 |4 0 |6 530_100000000000000_FER_1961 |7 0 |8 A |9 318311 |a BIBCUR |b BIBCUR |d 2019-11-20 |i 3503526 |l 1 |o 530.1 FER 1961 |p 3503526 |r 2025-04-22 |s 2022-09-20 |w 2019-11-20 |y BK |k FIS | ||